LEADER 00786nam0-22002771i-450- 001 990000034660403321 035 $a000003466 035 $aFED01000003466 035 $a(Aleph)000003466FED01 035 $a000003466 100 $a20011111d--------km-y0itay50------ba 101 0 $aita 105 $ay-------001yy 200 1 $aFRENI Westinghouse$edescrizione generale, catalogo generale. 210 $aTorino$cCompagnia italiana Westinghouse dei freni$ds.d. 215 $a15 fasc. con paginazione varia$d35 cm 610 0 $aFreni Westinghouse 676 $a625.25 801 0$aIT$bUNINA$gRICA$2UNIMARC 901 $aBK 912 $a990000034660403321 952 $a13 C 47 13$b2546$fFINBC 959 $aFINBC 996 $aFRENI Westinghouse$9105894 997 $aUNINA DB $aING01 LEADER 01202cam0-22003491i-450- 001 990007034860403321 005 20050301171701.0 010 $a2-913667-02-3 035 $a000703486 035 $aFED01000703486 035 $a(Aleph)000703486FED01 035 $a000703486 100 $a20020123d1999----km-y0itay50------ba 101 0 $afre 102 $aFR 105 $ay-------001yy 200 1 $a<>affranchissements par consécration en Béotie et dans le monde grec hellenistique$fLaurence Darmezin$gpublié avec le concours de l'Institut Fernand-Courby, lion 210 $aNancy$cA.D.R.A.$aParis$cDe Booccard$d1999 215 $a314 p.$cill.$d24 cm 225 1 $aÉtudes anciennes$v22 610 0 $aSchiavitù$aAffrancamento$aGrecia antica$aFonti epigrafiche 676 $a306.3620938$v21$zita 700 1$aDarmezin,$bLaurence$0188013 801 0$aIT$bUNINA$gRICA$2UNIMARC 901 $aBK 912 $a990007034860403321 952 $aDirez. D-067$b6391 ddr$fDDR$m21-1611 952 $a306.36 DAR 1$bBibl.39726$fFLFBC 959 $aDDR 959 $aFLFBC 996 $aAffranchissements par consécration en Béotie et dans le monde grec hellenistique$9698133 997 $aUNINA LEADER 03112nam 2200673Ia 450 001 9910972142903321 005 20200520144314.0 010 $a6611029915 010 $a1-281-02991-2 010 $a9786611029913 010 $a1-60750-274-7 010 $a600-00-0523-7 010 $a1-4356-0875-5 035 $a(CKB)1000000000479714 035 $a(EBL)320326 035 $a(SSID)ssj0000224699 035 $a(PQKBManifestationID)11187024 035 $a(PQKBTitleCode)TC0000224699 035 $a(PQKBWorkID)10210924 035 $a(PQKB)10561154 035 $a(Au-PeEL)EBL320326 035 $a(CaPaEBR)ebr10196606 035 $a(CaONFJC)MIL102991 035 $a(OCoLC)491257328 035 $a(MiAaPQ)EBC320326 035 $a(EXLCZ)991000000000479714 100 $a20071019d2007 uy 0 101 0 $aeng 135 $aur|n|---||||| 181 $ctxt 182 $cc 183 $acr 200 00$aPortugal SB07$b[electronic resource] $esustainable construction, materials and practices : challenge of the industry for the new millenium$hPart 1 /$fedited by Luis Braganca ... [et al.] 205 $a1st ed. 210 $aAmsterdam, Netherlands $cDelft University Press$dc2007 215 $a1 online resource (1178 p.) 300 $a"The international conference 'Portugal SB07: Sustainable Construction, Materials and Practices - Challenge of the Industry for the New Millenium'."--P. v. 311 08$a1-58603-785-4 320 $aIncludes bibliographical references and index. 327 $aTitle page; Foreword; Welcome; Contents; Actions and Policies to Implement Sustainable Construction; Sustainable Management of Existing Building Stock; Building Sustainability Assessment Tools; Design for Sustainability; Designing the Sustainable City of Tomorrow and Urban Sustainability; Sustainable Resources, Eco-Materials and Technologies; Use of Industrial Waste; Innovative Sustainable Construction Systems; Case Studies; Author Index 330 $aThe construction industry is a vibrant and active industry. The building sector is responsible for creating, modifying and improving the living environment of humanity. This volume presents solutions that facilitate and promote the adoption of policies, methods and tools to accelerate the movement towards a global sustainable built environment. 517 3 $aSustainable construction, materials and practices 606 $aSustainable buildings$xDesign and construction$vCongresses 606 $aSustainable architecture$vCongresses 606 $aConstruction industry$xManagement$vCongresses 606 $aConstruction industry$xEnvironmental aspects$vCongresses 615 0$aSustainable buildings$xDesign and construction 615 0$aSustainable architecture 615 0$aConstruction industry$xManagement 615 0$aConstruction industry$xEnvironmental aspects 676 $a690 701 $aBraganc?a$b Luis$01630872 801 0$bMiAaPQ 801 1$bMiAaPQ 801 2$bMiAaPQ 906 $aBOOK 912 $a9910972142903321 996 $aPortugal SB07$94383147 997 $aUNINA